Prosocialidad nuevos desafíos: (Registro nro. 8097)

Detalles MARC
000 -Cabecera
Campo de control interno 00488nam a2200181Ia 4500
005 - Fecha y hora del registro
control field 20260306160544.0
008 - Elementos de Longitud Fija
fixed length control field 260306t2010||||xx |||||||||||||| ||spa||
041 ## - Idioma
Codigo Idioma ESP
082 ## - DEWEY y NOTACIÓN INTERNA
Dewey 370.1
Notación Interna R72
100 ## - AUTOR
Autor denominación Roche Olivar, Robert
Término de relación autor
245 #0 - TÍTULO DE MATERIAL BIBLIOGRÁFICO
Título Prosocialidad nuevos desafíos:
Título paralelo métodos y pautas para la optimización creativa del entorno
260 ## - CIUDAD, EDITORIAL, AÑO
Año 2010
300 ## - DESCRIPCIÓN
N° Páginas 199 páginas :
Dimensiones 22 cm.
650 ## - TEMAS
Temas Generalidades
654 ## - PROGRAMAS
Programa Dpto. de Educación
942 ## - ELEMENTOS DE KOHA
Tipo de documento Libro
Nombre del creador Justo Noguera
Código de catalogador Justo Noguera
Esquema de clasificación Dewey Decimal Classification
Suppress in OPAC
Existencias
Codigo completo Registro Colección Copia número Disponibilidad Tipo de préstamo Biblioteca Actual Procedencia (Biblioteca) Ubicacón Fecha Ingreso Tipo de Adquisición Date last seen Total checkouts Price effective from Tipo de Item Estado del Material Fuente de Clasificación Damaged status Withdrawn status
370.1 R72 1050332 Universidad Católica San Pablo 1 Disponible Disponible Víctor Andrés Belaunde Víctor Andrés Belaunde Planta baja abierta 03/06/2026 Compra 06/03/2026   06/03/2026 Libro Bueno Dewey Decimal Classification